00867nam a2200229 a 450000100100000000500170001000800410002702000150006804000250008308200200010810000190012824501060014726000370025330000210029050000210031150000730033250400290040565100370043465100500047165100530052165100630057400002197020250621074006.0100915s1997 xxub 001 0 eng d a1563249367 aDO-SdBNPbspacBNPHU a972.9302bC174q1 aCambeira, Alan10aQuisquella la bella :bthe Dominican Republic in historial and cultural perspective /cAlan Cambeira. aNew York :bM. E. Sharpe,c1997. a272 p. ;c24 cm. aIncluye índice aIncluye referencias bibliográficas y notas al pie de las páginas aBibliografía : 257-260 4aRepública DominicanaxHistoria 0aRepública DominicanaxPolítica y gobierno 4aRepública DominicanaxVida Social Y Costumbres 0aRepública Dominicana --xHistoria --yColonia, 1503-1844